000 00643nam a2200145Ia 4500
008 100204s9999 xx 000 0 und d
082 _b25046
100 _aपटवर्धन सरिता
245 _aपर्यावरण संतुलनासाठी हिरवं सोनं
260 _b"मेहता पब्लिशिंग हाऊस , पुणे"
_c1999
300 _a86
630 _aपर्यावरण संतुलनासाठी हिरवं सोनं
730 _aपर्यावरण संतुलनासाठी हिरवं सोनं
942 _cBOOK
999 _c470227
_d470224